| 000 | 00921nam a2200229 a 4500 | ||
|---|---|---|---|
| 001 | 000285797 | ||
| 003 | AM-YeHGA | ||
| 005 | 20250618071855.0 | ||
| 008 | 031119s1987 ai a|||gr|||||||||1|arm|d | ||
| 040 | _aAM-YeHGA | ||
| 041 | 0 | _aarm | |
| 100 | 1 | _aՔալանթարյան, Վարդգես Սարգսի | |
| 245 | 1 | 0 |
_aՀետաքննիչի վերջին գործը : _b[Վեպ] / _cՎ.Ս. Քալանթարյան, Մ.Վ. Բաղդասարյան ; Խմբ.՝ Լ.Տ. Սարգսյան; Նկ.՝ Ն.Ա. Մանուկյան. |
| 260 |
_aԵրևան : _bԱրևիկ, _c1987. |
||
| 300 |
_a400 էջ : _bնկ. ; _c21 սմ. |
||
| 650 | 1 | 4 |
_aՀայ գրականություն _xՎեպ |
| 700 | 1 | _aԲաղդասարյան, Մուշեղ Վահանի | |
| 700 | 1 |
_aՍարգսյան, Լիպարիտ Տիգրանի, _d1938-2023 _eխմբ. _4edt _91060 |
|
| 700 | 1 |
_aՄանուկյան, Ն.Ա. _eնկ. _4art |
|
| 942 |
_2udc _cBK |
||
| 090 | _c106040 | ||
| 999 |
_c104719 _d104719 |
||